| 000 | 00386nam a22001577a 4500 | ||
|---|---|---|---|
| 003 | SGT | ||
| 020 | _a978938964242 | ||
| 082 | _a620.105,LAK | ||
| 100 | _aLAKSHMIN ARAYANA | ||
| 245 | _aSOLOD MECHANICS THEORY AND FINTE ELEMENT ANALYSIS | ||
| 250 | _a1ST | ||
| 260 |
_aNEW DELHI _bCBS PUBLISHARS _c2015 |
||
| 300 | _a158 | ||
| 650 | _aMECHANICAL ENGINEERING | ||
| 942 |
_2ddc _cBK _01 |
||
| 999 |
_c22927 _d22927 |
||